| 000 | 00571nam a2200181Ia 4500 | ||
|---|---|---|---|
| 003 | OSt | ||
| 005 | 20200907103039.0 | ||
| 008 | 190216s9999||||xx |||||||||||||| ||und|| | ||
| 020 | _a8175569093 | ||
| 040 | _coclc | ||
| 082 |
_a530 _bVAR/A |
||
| 100 |
_aVarier, K Muraleedhara _94456 |
||
| 245 | 0 |
_aAdvanced Experimental Techniques In Modern Physics / _cK Muraleedhara Varier ; Antony Joseph ; P P Pradyumnan |
|
| 260 |
_bPraghathi Prakashan, _aMeerut; _c2006. |
||
| 300 | _a246p | ||
| 650 | _aPhysics | ||
| 942 |
_cBK _2ddc _h530 _iVAR/A _k530 _mVAR/A |
||
| 999 |
_c33954 _d33954 |
||